000 00607nam a2200217Ia 4500
005 20241129110234.0
008 241129s9999||||xx |||||||||||||| ||und||
020 _a978-1-032-66813-0
037 _aTB
040 _aARTS
_beng
_cARTS
041 _aeng
_2eng
084 _aY72.44Q71 R3
_qARTS
100 _aSumon Mahmudul H. Au.
_9724335
245 0 _aEthnicity and adivasi identity in Bangladesh
_cSumon Mahmudul H. Au.
260 _aUK
_bRoutledge
_c2024
300 _axii,117p.
365 _aINR
_b1295
650 _aSociology
942 _cTB
_hY72.44Q71 R3
999 _c1227843
_d1227843